Suma de teología II : Parte I-II /

La "Summa Theologiae" no sólo representa la cumbre de la ciencia teológica tal como se cultivaba en la universidad medieval, sino que es también obra cimera del pensamiento cristiano de todos los tiempos. En ella cristaliza, en maravillosa síntesis, todo el acervo de conocimientos teológicos, filosó...

Full description

Bibliographic Details
Main Author: Tomás de Aquino, Santo, 1225?-1274
Format: Libro
Language:Spanish
Published: Madrid Biblioteca de Autores Cristianos 2006
Edition:4a. ed. corregida
Series:BAC maior 35
Subjects:
Online Access:

MARC

LEADER 00000cam a2200000 a 4500
001 002891
003 UAHC_CL
005 20170803115858.0
008 081029s2006 sp 000 spa
020 |a 9788479148423 
040 |a UAHC_CL  |c UAHC_CL  |d UAHC_CL 
082 0 4 |a 270.5  |b T655  |2 20 
100 1 |a Tomás  |c de Aquino, Santo,  |d 1225?-1274 
245 1 0 |a Suma de teología II :  |b Parte I-II /  |c Santo Tomás de Aquino. 
250 |a 4a. ed. corregida 
260 |b Biblioteca de Autores Cristianos  |a Madrid  |c 2006 
300 |a 973 p. 
490 0 |a BAC maior  |v 35 
520 |a La "Summa Theologiae" no sólo representa la cumbre de la ciencia teológica tal como se cultivaba en la universidad medieval, sino que es también obra cimera del pensamiento cristiano de todos los tiempos. En ella cristaliza, en maravillosa síntesis, todo el acervo de conocimientos teológicos, filosóficos, científicos, humanísticos y jurídicos que constituían lo más granado de la cultura en la segunda mitad del siglo XIII. En este sentido, descubrimos en esta obra un testimonio excepcional de la contribución de todos los saberes al esclarecimiento de la fe revelada. Por esta razón, la fuerza y la vitalidad de la Summa Theologiae son imperecederas y es inexcusable su lectura para quien desee conocer la teología católica. \\Este segundo volumen alberga la Parte I-II de la Summa Theologiae. Junto con la Parte II-II, a la que van dedicados los volúmenes III y IV, abarca la teología moral, es decir, «el movimiento de la criatura racional hacia Dios». Es, sin duda, la sección más rica y original de la Suma. El presente volumen va precedido de una documentada exposición sobre las características, fuentes, novedad y estructura de esta Parte. Este trabajo, al igual que las ilustrativas introducciones a los tratados y las abundantes notas explicativas de los pasajes difíciles, han sido redacta-dos por profesores dominicos en centros de estudio en España. La traducción y las referencias a las fuentes explícitas e implícitas han sido preparadas sobre el texto de la edición crítica Leonina, que está editada por esta misma BIBLIOTECA DE AUTORES CRISTIANOS en una esmerada y manejable edición. 
521 |a Derecho civil: persona teoría de la ley 
610 2 4 |a IGLESIA CATOLICA  |x DOCTRINAS  |v OBRAS ANTERIORES A 1800 
650 4 |a TEOLOGIA DOGMATICA  |v OBRAS ANTERIORES A 1800 
653 |a OB. DERECHO 
658 |a Ocampo, Hugo 
900 |a 270.5 TOM V.2 
942 |c BK 
952 |0 0  |1 0  |4 0  |6 270_500000000000000_TOM_V_2  |7 0  |8 General  |9 6359  |a BC  |b BC  |c General  |d 2017-08-03  |l 0  |o 270.5 TOM V.2  |p 1366811  |r 2026-01-07 00:00:00  |t 1  |w 2017-08-03  |y BK 
952 |0 0  |1 0  |4 0  |6 270_500000000000000_TOM_V_2  |7 0  |8 General  |9 6360  |a BC  |b BC  |c General  |d 2017-08-03  |l 0  |o 270.5 TOM V.2  |p 1366812  |r 2026-01-07 00:00:00  |t 2  |w 2017-08-03  |y BK 
952 |0 0  |1 0  |4 0  |6 270_500000000000000_TOM_V_2  |7 0  |8 General  |9 6361  |a BC  |b BC  |c General  |d 2017-08-03  |l 1  |m 1  |o 270.5 TOM V.2  |p 1366813  |r 2026-01-07 00:00:00  |s 2022-03-16  |t 3  |w 2017-08-03  |y BK 
999 |c 2891  |d 2891